| 000 | 00500nam a2200181Ia 4500 | ||
|---|---|---|---|
| 999 |
_c32494 _d32494 |
||
| 003 | OSt | ||
| 005 | 20200810120016.0 | ||
| 008 | 190216s9999||||xx |||||||||||||| ||und|| | ||
| 020 | _a9788184898064 | ||
| 040 | _coclc | ||
| 082 |
_a511.5 _bWAL/B |
||
| 100 |
_aWallis, W D _94004 |
||
| 245 | 2 |
_aA Beginner's Guide To Graph Theory / _cW D Wallis |
|
| 250 | _a2nd Ed. | ||
| 260 |
_bBirkhauser, _c2011. _aBoston: |
||
| 300 | _a260p | ||
| 942 |
_cBK _2ddc _h511.5 _iWAL/B _k511.5 _mWAL/B |
||